00389nam a2200133Ia 4500008004100000024001700041082002500058100002100083245004900104260002600153600002100179650003800200999001700238260210s9999 xx 000 0 und d a01B-36-BS-4Y a005.942753129072 TAL aTalha Hasan Khan 0aERP Project Management Practices in Pakistan aKarachi:bUITU,c2001 aComputer Science aBachelor of Computer Science (BS) c31716d31716